Неонацизм без маски

গ্রন্থ-পঞ্জীর বিবরন
প্রধান লেখক: Швагуляк М. Н. Михаил Николаевич
ভাষা:রুশ
প্রকাশিত: Киев, Политиздат Украины, 1987
বিষয়গুলি:
বিন্যাস: MixedMaterials গ্রন্থ
KOHA link:https://koha.lib.tpu.ru/cgi-bin/koha/opac-detail.pl?biblionumber=271266

MARC

LEADER 00000nam0a2200000 4500
001 271266
005 20231101234424.0
020 |a RU  |b 87-37352 
035 |a (RuTPU)RU\TPU\book\294447 
090 |a 271266 
100 |a 20141006d1987 m a0rusy5003 ca 
101 0 |a rus 
102 |a UA 
105 |a y z 001zy 
200 1 |a Неонацизм без маски  |f М. Н. Швагуляк 
210 |a Киев  |c Политиздат Украины  |d 1987 
215 |a 150 с. 
320 |a Библиогр.: с. 147-149 (60 назв.) 
606 1 |a Фашизм  |2 stltpush  |3 (RuTPU)RU\TPU\subj\63384  |9 80413 
610 1 |a ФРГ 
610 1 |a ФРГ 
610 1 |a общественно-политическая жизнь 
610 1 |a неонацизм 
610 1 |a неофашисты 
610 1 |a террористическая деятельность 
686 |a Ф3(4Ф)  |2 rubbk 
700 1 |a Швагуляк  |b М. Н.  |g Михаил Николаевич  |4 070 
801 0 |a RU  |b RuMRKP  |c 19950417  |g psbo 
801 1 |a RU  |b 63413507  |c 20141006 
801 2 |a RU  |b 63413507  |c 20160321  |g RCR 
942 |c BK